Statistics for Premier League XIs 2018-19

Click here to take the quiz!

General Stats

  • This quiz has been taken 109 times
    (69 since last reset)
  • The average score is 79 of 220

Answer Stats

PositionAnswerClub% Correct
GKBernd LenoArsenal
97%
GKEdersonManchester City
89%
DFAndrew RobertsonLiverpool
83%
GKDavid de GeaManchester United
83%
MFDele AlliTottenham Hotspur
83%
MFJordan HendersonLiverpool
83%
STMohamed SalahLiverpool
83%
STRoberto FirminoLiverpool
83%
MFSadio ManéLiverpool
83%
DFTrent Alexander-ArnoldLiverpool
83%
DFVirgil Van DijkLiverpool
83%
DFKyle WalkerManchester City
80%
MFDavid SilvaManchester City
77%
MFFabinhoLiverpool
77%
GKKepa ArrizabalagaChelsea
77%
STMarcus RashfordManchester United
77%
MFN'Golo KantéChelsea
77%
STPierre-Emerick AubameyangArsenal
77%
STSergio AgüeroManchester City
77%
MFBernardo SilvaManchester City
74%
DFCésar AzpilicuetaChelsea
74%
STJamie VardyLeicester City
74%
DFJohn StonesManchester City
74%
GKJordan PickfordEverton
74%
GKKasper SchmeichelLeicester City
74%
DFHarry MaguireLeicester City
71%
MFRaheem SterlingManchester City
71%
STAlexandre LacazetteArsenal
69%
MFPaul PogbaManchester United
69%
MFFernandinhoManchester City
66%
STHarry KaneTottenham Hotspur
66%
STHeung-Min SonTottenham Hotspur
66%
DFMarcos AlonsoChelsea
66%
STRomelu LukakuManchester United
66%
STWilfried ZahaCrystal Palace
66%
DFDavinson SánchezTottenham Hotspur
63%
MFEden HazardChelsea
63%
GKHugo LlorisTottenham Hotspur
63%
DFJan VertonghenTottenham Hotspur
63%
DFLuke ShawManchester United
63%
DFShkodran MustafiArsenal
63%
GKAlisson BeckerLiverpool
60%
DFAymeric LaporteManchester City
60%
DFDavid LuizChelsea
60%
GKŁukasz FabiańskiWest Ham United
60%
GKRui PatrícioWolverhampton Wanderers
60%
STWillianChelsea
60%
MFGeorginio WijnaldumLiverpool
57%
DFJames MilnerLiverpool
57%
STRaúl JiménezWolverhampton Wanderers
57%
STRicharlisonEverton
57%
DFToby AlderweireldTottenham Hotspur
57%
DFVictor LindelöfManchester United
57%
DFAntonio RüdigerChelsea
54%
DFChris SmallingManchester United
54%
MFChristian EriksenTottenham Hotspur
54%
MFJames MaddisonLeicester City
54%
GKMartin DúbravkaNewcastle United
54%
DFSeamus ColemanEverton
54%
MFWilfred NdidiLeicester City
54%
STAleksandar MitrovicFulham
51%
MFAnthony MartialManchester United
51%
GKBen FosterWatford
51%
DFFabian SchärNewcastle United
51%
MFJoão MoutinhoWolverhampton Wanderers
51%
DFKieran TrippierTottenham Hotspur
51%
MFMichail AntonioWest Ham United
51%
MFRúben NevesWolverhampton Wanderers
51%
DFSokratis PapastathopoulosArsenal
51%
DFAaron Wan-BissakaCrystal Palace
49%
MFAnder HerreraManchester United
49%
DFBen ChilwellLeicester City
49%
STCallum WilsonBournemouth
49%
MFJesse LingardManchester United
49%
DFJonny EvansLeicester City
49%
MFLeroy SanéManchester City
49%
MFMark NobleWest Ham United
49%
MFMateo KovačićChelsea
49%
DFNacho MonrealArsenal
49%
MFDeclan RiceWest Ham United
46%
STDiogo JotaWolverhampton Wanderers
46%
DFWes MorganLeicester City
46%
MFAndré GomesEverton
43%
STAshley BarnesBurnley
43%
DFConor CoadyWolverhampton Wanderers
43%
MFGranit XhakaArsenal
43%
MFİlkay GündoganManchester City
43%
MFJames Ward-ProwseSouthampton
43%
MFJorginhoChelsea
43%
MFMoussa SissokoTottenham Hotspur
43%
DFRicardo PereiraLeicester City
43%
DFBen MeeBurnley
40%
STChris WoodBurnley
40%
STDanny IngsSouthampton
40%
DFKurt ZoumaEverton
40%
DFMichael KeaneEverton
40%
MFAlex IwobiArsenal
37%
MFAyoze PérezNewcastle United
37%
STJosh KingBournemouth
37%
MFLucas MouraTottenham Hotspur
37%
MFMattéo GuendouziArsenal
37%
DFNathan AkéBournemouth
37%
DFSteve CookBournemouth
37%
MFAaron MooyHuddersfield Town
34%
DFAngelo OgbonnaWest Ham United
34%
DFAshley YoungManchester United
34%
DFJamaal LascellesNewcastle United
34%
DFJames TarkowskiBurnley
34%
DFLewis DunkBrighton & Hove Albion
34%
DFLucas DigneEverton
34%
MFPascal GroßBrighton & Hove Albion
34%
STPedroChelsea
34%
GKVincente GuaitaCrystal Palace
34%
DFAdam SmithBournemouth
31%
GKAlex McCarthySouthampton
31%
GKAsmir BegovicBournemouth
31%
DFCharlie TaylorBurnley
31%
GKMat RyanBrighton & Hove Albion
31%
MFNampalys MendyLeicester City
31%
MFAbdoulaye DoucouréWatford
29%
DFCalum ChambersFulham
29%
MFDemarai GrayLeicester City
29%
MFLucas TorreiraArsenal
29%
MFSolly MarchBrighton & Hove Albion
29%
STTroy DeeneyWatford
29%
MFGylfi SigurdssonEverton
26%
MFJames McArthurCrystal Palace
26%
DFMatt DohertyWolverhampton Wanderers
26%
MFTheo WalcottEverton
26%
DFWilly BolyWolverhampton Wanderers
26%
STGlenn MurrayBrighton & Hove Albion
23%
MFIdrissa GueyeEverton
23%
MFJack CorkBurnley
23%
DFJan BednarekSouthampton
23%
MFJefferson LermaBournemouth
23%
DFJeffrey SchluppCrystal Palace
23%
MFPhilip BillingHuddersfield Town
23%
DFTim ReamFulham
23%
MFAndros TownsendCrystal Palace
20%
MFBernardEverton
20%
STGerard DeulofeuWatford
20%
DFIssa DiopWest Ham United
20%
MFLeander DendonckerWolverhampton Wanderers
20%
DFPatrick van AanholtCrystal Palace
20%
MFRyan FraserBournemouth
20%
DFSead KolašinacArsenal
20%
MFTom CairneyFulham
20%
MFAshley WestwoodBurnley
17%
DFJames TomkinsCrystal Palace
17%
DFJannik VestergaardSouthampton
17%
DFMatthew LowtonBurnley
17%
MFOriol RomeuSouthampton
17%
MFWill HughesWatford
17%
DFBruno Ecuele MangaCardiff City
14%
MFCheikhou KouyateCrystal Palace
14%
MFDavid BrooksBournemouth
14%
DFDenis OdoiFulham
14%
MFFelipe AndersonWest Ham United
14%
MFJean Michael SeriFulham
14%
MFJohann GudmundssonBurnley
14%
MFMatt RitchieNewcastle United
14%
MFNathan RedmondSouthampton
14%
DFPaul DummettNewcastle United
14%
DFRyan BertrandSouthampton
14%
DFCraig CathcartWatford
11%
DFCyrus ChristieFulham
11%
MFDale StephensBrighton & Hove Albion
11%
MFDavy PröpperBrighton & Hove Albion
11%
DFDeAndre YedlinNewcastle United
11%
MFÉtienne CapoueWatford
11%
DFFederico FernándezNewcastle United
11%
MFIsaac HaydenNewcastle United
11%
DFJack StephensSouthampton
11%
GKJoe HartBurnley
11%
DFJonny OttoWolverhampton Wanderers
11%
STJunior HoilettCardiff City
11%
MFLuka MilivojevicCrystal Palace
11%
DFMamadou SakhoCrystal Palace
11%
STMarko ArnautovićWest Ham United
11%
GKNeil EtheridgeCardiff City
11%
MFPierre-Emile HojbjergSouthampton
11%
STSalomón RondónNewcastle United
11%
DFSean MorrisonCardiff City
11%
DFShane DuffyBrighton & Hove Albion
11%
MFAron GunnarssonCardiff City
9%
DFArthur MasuakuWest Ham United
9%
MFHarry ArterCardiff City
9%
MFJeff HendrickBurnley
9%
DFJoe BennettCardiff City
9%
MFJoe BryanFulham
9%
DFJosé HolebasWatford
9%
DFMathias JørgensenHuddersfield Town
9%
DFRyan BennettWolverhampton Wanderers
9%
GKSergio RicoFulham
9%
DFSol BambaCardiff City
9%
STSteve MounieHuddersfield Town
9%
DFCharlie DanielsBournemouth
6%
DFChristopher SchindlerHuddersfield Town
6%
MFDan GoslingBournemouth
6%
GKJonas LösslHuddersfield Town
6%
MFKiko FemeníaWatford
6%
DFMartín MontoyaBrighton & Hove Albion
6%
MFMohamed DiaméNewcastle United
6%
MFRyan SessegnonFulham
6%
MFVíctor CamarasaCardiff City
6%
DFYann ValerySouthampton
6%
MFAlex PritchardHuddersfield Town
3%
STCallum PatersonCardiff City
3%
DFGaëtan BongBrighton & Hove Albion
3%
MFJoe RallsCardiff City
3%
DFMaxime Le MarchandFulham
3%
MFRoberto PereyraWatford
3%
MFRobert SnodgrassWest Ham United
3%
DFTerence KongoloHuddersfield Town
3%
DFAdrian MariappaWatford
0%
MFAnthony KnockaertBrighton & Hove Albion
0%
DFChris LöweHuddersfield Town
0%
MFErik DurmHuddersfield Town
0%
DFFabián BalbuenaWest Ham United
0%
DFFlorent HadergjonajHuddersfield Town
0%

Score Distribution

Percentile by Number Answered

Percent of People with Each Score

Your Score History

You have not taken this quiz since the last reset